000 00593nam a2200181 i 4500
001 64751
003 ES-MaACL
005 20250802063108.0
007 t|
008 040105s1972 sp ||||1| spa d
100 1 _aFoucault, Michel,
_d1926-1984
_9241486
245 1 0 _aTheatrum philosophicum
_b: Gilles Deleuze : repetición y diferencia /
_cMichel Foucault ; [traducción, Francisco Monge].
260 _a[Barcelona] :
_bAnagrama,
_c[1972]
300 _a105 p. ;
_c18 cm.
700 1 _aMonge, Francisco.
_982187
852 _aES-MaACL
_jC-52749
_bR.82902
999 _c64751
_d64751